000 00547nam a2200241 a 4500
001 nice12345678
003 IN_TiNIC
005 20260116011252.0
008 050524s1947 lona grp 000 0 eng
020 _a
_c100
082 0 0 _a239
_bHOG
100 _aHogg, A G
245 _aChristian Message to the Hindu.
260 _aLondon
_bScm Press
_c1947
300 _a104p
500 _aincludes index and biblioraphy
505 2 _aIndex
650 _aApologetics
700 1 _aHogg, A G
902 _bSRS
942 _cBK
999 _c34
_d34